Forests, environment, and local community : (Record no. 32133)
[ view plain ]
| 000 -LEADER | |
|---|---|
| fixed length control field | 01060cam a22002654a 4500 |
| 005 - DATE AND TIME OF LATEST TRANSACTION | |
| control field | 20091117152017.0 |
| 008 - FIXED-LENGTH DATA ELEMENTS--GENERAL INFORMATION | |
| fixed length control field | 080925s2008 ii ab b 001 0 eng |
| 010 ## - LCCN (DPL NO) | |
| LC control number | ENG-95579 |
| 020 ## - INTERNATIONAL STANDARD BOOK NUMBER | |
| International Standard Book Number | 9788178311661 |
| Terms of availability | 800.00 |
| 035 ## - SYSTEM CONTROL NUMBER | |
| System control number | EN-79112 |
| 037 ## - SOURCE OF ACQUISITION | |
| Source of stock number/acquisition | DBAD/PUB |
| 040 ## - CATALOGING SOURCE | |
| Original cataloging agency | DPL |
| 100 ## - MAIN ENTRY--PERSONAL NAME | |
| Personal name | Nanjundaiah, C. |
| 245 ## - TITLE STATEMENT | |
| Title | Forests, environment, and local community : |
| Remainder of title | a special reference to Western Ghats of India / |
| Statement of responsibility, etc | C. Nanjundaiah. |
| 250 ## - EDITION STATEMENT | |
| Edition statement | 1st ed. |
| 260 ## - PUBLICATION, DISTRIBUTION, ETC. (IMPRINT) | |
| Place of publication, distribution, etc | New Delhi : |
| Name of publisher, distributor, etc | Manak Publications, |
| Date of publication, distribution, etc | 2008. |
| 300 ## - PHYSICAL DESCRIPTION | |
| Extent | xxii, 320 p. : |
| Other physical details | ill., maps ; |
| Dimensions | 22 cm.(Hb) |
| 504 ## - BIBLIOGRAPHY, ETC. NOTE | |
| Bibliography, etc | Includes bibliographical references and index. |
| 520 ## - SUMMARY, ETC. | |
| Summary, etc | With reference to Kodagu District, India; a study. |
| 650 ## - SUBJECT ADDED ENTRY--TOPICAL TERM | |
| Topical term or geographic name as entry element | Forests and forestry |
| General subdivision | Environmental aspects |
| Geographic subdivision | India |
| -- | Kodagu. |
| 650 ## - SUBJECT ADDED ENTRY--TOPICAL TERM | |
| Topical term or geographic name as entry element | Forests and forestry |
| General subdivision | Social aspects |
| Geographic subdivision | India |
| -- | Kodagu. |
| 942 ## - ADDED ENTRY ELEMENTS (KOHA) | |
| Source of classification or shelving scheme | Dewey Decimal Classification |
| Item type | English Books |
| Call number suffix | NAN |
| Withdrawn status | Lost status | Source of classification or shelving scheme | Damaged status | Not for loan | Collection code | Home library | Current library | Date acquired | Source of acquisition | Cost, normal purchase price | Total Checkouts | Full call number | Barcode | Date last seen | Copy number | Cost, replacement price | Koha item type |
|---|---|---|---|---|---|---|---|---|---|---|---|---|---|---|---|---|---|
| Dewey Decimal Classification | Not For Loan | Non-fiction | D.B.Act.Division | D.B.Act.Division | 30/11/2009 | DBAD / PUB | 800.00 | NAN | EN-79112 | 04/12/2009 | 1 | 800.00 | English Books |
